Loreto College Library, Kolkata
WEBOPAC (ONLINE PUBLIC ACCESS CATALOGUE)

One hundred years of solitude (Record no. 43564)

MARC details
000 -LEADER
fixed length control field 00603nam a2200205Ia 4500
005 - DATE AND TIME OF LATEST TRANSACTION
control field 20231202112304.0
008 - FIXED-LENGTH DATA ELEMENTS--GENERAL INFORMATION
fixed length control field 131103s9999 xx 000 0 und d
020 ## - ISBN | অাই এস বি এন
ISBN | অাই এস বি এন 9780140157512
PRICE Rs.399.00
040 ## - CATALOGING SOURCE
Original cataloging agency Loreto College
041 ## - LANGUAGE CODE
Language code English
082 ## - DDC | ডিউই
Classification number | বর্গসংখ্যা 863.64
Book Number | গ্রন্থাঙ্ক MAR
100 ## - MAIN ENTRY--PERSONAL NAME | মুখ্য সংলেখ - ব্যাক্তিনাম
Personal name | ব্যাক্তিনাম Marquez,Gabriel Garica
245 ## - TITLE STATEMENT | অাখ্যা বিবরণী
Title | অাখ্যা One hundred years of solitude
Statement of responsibility | লেখকের দায়িত্বের বিবরণ Gabriel Garica Marquez;translated by Gregory Rabassa
260 ## - IMPRINT | প্রকাশনা ক্ষেত্র
Place of publication | প্রকাশ স্থান Gurugram
Name of publisher | প্রকাশকের নাম Penguin Random House India
Date of publication | প্রকাশ কাল 1996
300 ## - PHYSICAL DESCRIPTION |
Page / Vol. No | পৃষ্ঠা / খন্ড সংখ্যা 422 p.
Other physical details | অনান্য বাহ্যিক বিবরণ 22cm
650 ## - SUBJECT ADDED ENTRY--TOPICAL TERM | বিষয় শিরোনাম - মূল বিষয়
Topical term | মূল বিষয় Spanish Fiction
700 ## - ADDED ENTRY--PERSONAL NAME | অতিরিক্ত সংলেখ - ব্
Personal name | ব্যাক্তিনাম Rabassa,Gregory
Relator code | দায়িত্ব নির্দেশক tr.
850 ## - HOLDING INSTITUTION
Holding institution LCLIB
Sub Holdings Post Graduate
942 ## - ADDED ENTRY ELEMENTS (KOHA)
Koha item type Books
Holdings
Withdrawn status Lost status Source of classification Damaged status Not for loan Home library Current library Date acquired Price Total Checkouts Full call number Accession No. Date last seen Date checked out Price effective from Koha item type Coded location qualifier
    Dewey Decimal Classification     Loreto College Loreto College 02/12/2023 399.00 2 863.64 MAR PG194 47687 06/05/2026 16/04/2026 02/12/2023 Books